00497nam a2200193 a 4500001001300000003000900013005001700022008004100039020001000080082001600090100003000106245003500136260003100171300000800202500003500210505001000245650001800255700003000273nice12345678IN_TiNIC20260116011416.0050524s1877 teha grp 000 0 ara  ac10000a891.71bHUS aHussain, Al Mohammad Taqi aMajnoonul Amri-O-Lailaul Amria aTehranbNo Publisherc1877 a00p aincludes index and biblioraphy2 aIndex aArabic-Poetry1 aHussain, Al Mohammad Taqi